000 00711nam a2200229Ia 4500
003 OSt
005 20220923225551.0
006 a|||||r|||| 00| 0
007 ta
008 Pun
024 _a271,364
037 _cTextual
040 _aARTS
_cARTS
_bPun
041 _2Pun
_aPun
082 _aI:(P111:4k), 153L5
100 _aਸਿੰਘ, ਪ੍ਰੇਮ ਪ੍ਰਕਾF
_9157631
245 0 _aਅੰਗ੍ਰੇਗ਼ੀ ਪੰਜਾਬੀ ਤਕਨੀਕੀ Fਬਦਾਵਲੀ ਪ੍ਰਾਣੀ ਵਿਗਿਆਨ
260 _c1975
650 _aਸ਼ੌਟਨ.
942 _hI:(P111:4k), 153L5
_cTEXL
_2CC
999 _c379173
_d379173